| 000 | 00408nam a22001337a 4500 | ||
|---|---|---|---|
| 020 | _qHB. | ||
| 040 | _cFizza Ishaq | ||
| 082 |
_a371.102 _bPAR |
||
| 100 |
_aPalmer, J. Parker. _9133618 |
||
| 245 |
_aThe Courage to Teach Exploring the Inner Landscape of a Teacher's Life / _cParker J. Palmer. |
||
| 260 |
_aNew York : _bJossey-Bass, _c1998. |
||
| 300 |
_a199 p. ; _c 6.5 x 1.2 x 9.2 inches |
||
| 942 |
_2ddc _cBK |
||
| 999 |
_c616578 _d616578 |
||